000 00374nam a2200145Ia 4500
008 090124s9999 xx 000 0 und d
082 _b203724
245 _a प्रतिज्ञा
250 _a1
260 _bप्रेमचंद
_c1993
300 _a152
630 _a प्रतिज्ञा
730 _a प्रतिज्ञा
942 _cBOOK
999 _c185305
_d185305